<?xml version="1.0" encoding="UTF-8"?>
<record
    xmlns:xsi="http://www.w3.org/2001/XMLSchema-instance"
    xsi:schemaLocation="http://www.loc.gov/MARC21/slim http://www.loc.gov/standards/marcxml/schema/MARC21slim.xsd"
    xmlns="http://www.loc.gov/MARC21/slim">

  <leader>00690nam a22001337a 4500</leader>
  <datafield tag="040" ind1=" " ind2=" ">
    <subfield code="c">RUA </subfield>
  </datafield>
  <datafield tag="082" ind1=" " ind2=" ">
    <subfield code="a">FIS TUY 2003 B175 Or.1</subfield>
  </datafield>
  <datafield tag="100" ind1=" " ind2=" ">
    <subfield code="a">TUY SAVRY; &#x1791;&#x17BB;&#x1799; &#x179F;&#x17B6;&#x179C;&#x179A;&#x17B8;&#x1799;&#x17CD;</subfield>
  </datafield>
  <datafield tag="245" ind1=" " ind2=" ">
    <subfield code="a">Evaluation of feed type on the growth of leptobarbus hoevenii seed nursed in nylon net hapa, &#x1780;&#x17B6;&#x179A;&#x179C;&#x17B6;&#x1799;&#x178F;&#x17C6;&#x179B;&#x17C3;&#x1794;&#x17D2;&#x179A;&#x1797;&#x17C1;&#x1791;&#x1785;&#x17C6;&#x178E;&#x17B8;&#x179F;&#x1798;&#x179F;&#x17D2;&#x179A;&#x1794;&#x1798;&#x17BD;&#x1799;&#x1791;&#x17C5;&#x179B;&#x17BE; &#x1780;&#x17B6;&#x179A;&#x179B;&#x17BC;&#x178F;&#x179B;&#x17B6;&#x179F;&#x17CB;&#x1780;&#x17BC;&#x1793;&#x178F;&#x17D2;&#x179A;&#x17B8;&#x1796;&#x17D2;&#x179A;&#x179B;&#x17BC;&#x1793;&#x1795;&#x17D2;&#x179F;&#x17B6;&#x17C6;&#x1780;&#x17D2;&#x1793;&#x17BB;&#x1784;&#x17A0;&#x17B6;&#x1794;&#x17C9;&#x17B6;.</subfield>
  </datafield>
  <datafield tag="260" ind1=" " ind2=" ">
    <subfield code="a">Phnom Penh </subfield>
    <subfield code="b">RUA </subfield>
    <subfield code="c">2003</subfield>
  </datafield>
  <datafield tag="300" ind1=" " ind2=" ">
    <subfield code="a">40p.</subfield>
    <subfield code="b">ill.</subfield>
    <subfield code="c">29cm.</subfield>
  </datafield>
  <datafield tag="856" ind1=" " ind2=" ">
    <subfield code="u">https://drive.google.com/file/d/1HjLvRICQoOVS2dPpMBlg9VR7_oCSrf3V/view?usp=sharing</subfield>
  </datafield>
  <datafield tag="942" ind1=" " ind2=" ">
    <subfield code="c">FIS</subfield>
  </datafield>
  <datafield tag="999" ind1=" " ind2=" ">
    <subfield code="c">3866</subfield>
    <subfield code="d">3866</subfield>
  </datafield>
  <datafield tag="952" ind1=" " ind2=" ">
    <subfield code="0">0</subfield>
    <subfield code="1">0</subfield>
    <subfield code="2">ddc</subfield>
    <subfield code="4">0</subfield>
    <subfield code="6">FIS_TUY_2003_000000000000000_B175_OR_1</subfield>
    <subfield code="7">0</subfield>
    <subfield code="9">19483</subfield>
    <subfield code="a">LBB</subfield>
    <subfield code="b">LBB</subfield>
    <subfield code="c">B175</subfield>
    <subfield code="d">2015-12-02</subfield>
    <subfield code="o">FIS TUY 2003 B175 Or.1</subfield>
    <subfield code="p">RUA027220</subfield>
    <subfield code="r">2015-12-02</subfield>
    <subfield code="w">2015-12-02</subfield>
    <subfield code="y">FIS</subfield>
  </datafield>
  <datafield tag="952" ind1=" " ind2=" ">
    <subfield code="0">0</subfield>
    <subfield code="1">0</subfield>
    <subfield code="2">ddc</subfield>
    <subfield code="4">0</subfield>
    <subfield code="6">FIS_TUY_2003_000000000000000_B175_OR_2</subfield>
    <subfield code="7">0</subfield>
    <subfield code="9">19484</subfield>
    <subfield code="a">LBB</subfield>
    <subfield code="b">LBB</subfield>
    <subfield code="c">B175</subfield>
    <subfield code="d">2015-12-02</subfield>
    <subfield code="o">FIS TUY 2003 B175 Or.2</subfield>
    <subfield code="p">RUA027607</subfield>
    <subfield code="r">2015-12-02</subfield>
    <subfield code="w">2015-12-02</subfield>
    <subfield code="y">FIS</subfield>
  </datafield>
  <datafield tag="952" ind1=" " ind2=" ">
    <subfield code="0">0</subfield>
    <subfield code="1">0</subfield>
    <subfield code="2">ddc</subfield>
    <subfield code="4">0</subfield>
    <subfield code="6">FIS_TUY_2003_000000000000000_B175_OR_3</subfield>
    <subfield code="7">0</subfield>
    <subfield code="9">19485</subfield>
    <subfield code="a">LBB</subfield>
    <subfield code="b">LBB</subfield>
    <subfield code="c">B175</subfield>
    <subfield code="d">2015-12-02</subfield>
    <subfield code="o">FIS TUY 2003 B175 Or.3</subfield>
    <subfield code="p">RUA027307</subfield>
    <subfield code="r">2015-12-02</subfield>
    <subfield code="w">2015-12-02</subfield>
    <subfield code="y">FIS</subfield>
  </datafield>
  <datafield tag="952" ind1=" " ind2=" ">
    <subfield code="0">0</subfield>
    <subfield code="1">0</subfield>
    <subfield code="2">ddc</subfield>
    <subfield code="4">0</subfield>
    <subfield code="6">FIS_TUY_2003_000000000000000_B175_OR_4</subfield>
    <subfield code="7">0</subfield>
    <subfield code="9">19486</subfield>
    <subfield code="a">LBB</subfield>
    <subfield code="b">LBB</subfield>
    <subfield code="c">B175</subfield>
    <subfield code="d">2015-12-02</subfield>
    <subfield code="o">FIS TUY 2003 B175 Or.4</subfield>
    <subfield code="p">RUA010502</subfield>
    <subfield code="r">2015-12-02</subfield>
    <subfield code="w">2015-12-02</subfield>
    <subfield code="y">FIS</subfield>
  </datafield>
</record>
